00322 a2200109 4500001001000000005001700010008004100027245003100068100002400099773007200123999001700195ART_4460920260410161953.0260409a 10aElo grupí en los remates1 aChiappini, Julio O.0 tTemas de derecho comercialg- Año 3, Nº 11 (nov. 2017)wREV28151 c30566d30566